000 00623nam a2200193Ia 4500
003 GCL
008 140319s9999 xx 000 0 ara d
040 _aGCL /
_cGCL
082 0 4 _aق
_b398.0352
_bس ت
100 1 _aسيد صديق عبدالفتاح
245 1 0 _aتاريخ فتوات مصرومعاركهم الدامية /
_cسيد صديق عبدالفتاح
260 _aالقاهرة :
_bمكتبة مدبولى ،
_c1995
300 _a212 ص ؛
_c24 سم
490 _a
650 0 4 _aمصر
650 0 4 _aالاحوال الاجتماعية
650 0 4 _aالتغير الاجتماعى
942 _2ddc
_cBK
999 _c35188
_d35188